[Event "Grundfos Young Masters"]
[Site "Aarhus DEN"]
[Date "2005.08.19"]
[Round "8"]
[White "Maze,S"]
[Black "Balogh,C"]
[Result "1/2-1/2"]
[WhiteElo "2494"]
[BlackElo "2537"]

1.e4 c5 2.Nf3 d6 3.Bb5+ Bd7 4.Bxd7+ Nxd7 5.O-O Ngf6 6.Qe2 e6 7.d4 cxd4 8.Nxd4 a6
9.c4 Rc8 10.b3 g6 11.Bb2 Bg7 12.Nc3 O-O 13.Rfd1 Qa5 14.Rac1 Rfd8 15.h3 Qh5
16.Qxh5 Nxh5 17.g3 Nhf6 18.Rc2 d5 19.exd5 exd5 20.cxd5 Nb6 21.Nde2 Nfxd5
22.Rcd2 Re8 23.Nxd5 Nxd5 24.Bxg7 Kxg7 25.Kf1 Nf6 26.f3 Re5 27.Kf2 a5 28.Nf4 b5
29.Nd5 Rc5 30.Nxf6 Kxf6 31.Rd6+ Kg7 32.R1d2 h5 33.h4 b4 34.Re2 Red5 35.Rxd5 Rxd5
36.a3 bxa3 37.Ra2 Kf6 38.Rxa3 Rb5 39.Ra4 Ke5 40.g4 f5 41.gxh5 gxh5 42.Kg3 Kf6
43.Ra3  1/2-1/2

[Event "Ada Open"]
[Site "Belgrade SCG"]
[Date "2005.08.19"]
[Round "5"]
[White "Starcevic,G"]
[Black "Marinkov,S"]
[Result "1/2-1/2"]
[WhiteElo "2188"]
[BlackElo "2014"]

1.e4 c5 2.Nf3 d6 3.Bb5+ Bd7 4.Bxd7+ Nxd7 5.d4 cxd4 6.Qxd4 Qb6 7.Nc3 Qxd4
8.Nxd4 a6 9.a4 e6 10.a5 Ne7 11.Be3 Nc6 12.O-O Be7 13.f4 Nxd4 14.Bxd4 Bf6
15.Rad1 Ke7 16.Rfe1 Bxd4+ 17.Rxd4 Rhc8 18.Red1 Rc6 19.Na4 b5 20.axb6 Nxb6
21.Nxb6 Rxb6 22.b3 Rc8 23.R1d2 Rc3 24.Ra4 Rbc6 25.h3 Kd7 26.Ra2 Re3 27.e5 d5
28.c4 Rxb3 29.cxd5 exd5 30.Rxd5+ Ke7 31.Rad2 Rb7 32.f5 Rcb6 33.g4 Rb5 34.f6+ gxf6
35.exf6+ Kxf6 36.Rd6+ Kg5 37.Rxa6 h5 38.Ra4 f5 39.gxf5 Kxf5 40.Raa2 Rb1+
41.Kh2 R7b5 42.Rg2 R1b4 43.Ra8 Rb2 44.Rf8+ Ke6 45.Rxb2 Rxb2+ 46.Kg3 Rb5 47.Kf4 Rb3
48.h4 Rb5 49.Ra8 Kf6 50.Ra6+ Kg7 51.Rd6 Ra5  1/2-1/2

[Event "41st Rubinstein Mem Open A"]
[Site "Polanica Zdroj POL"]
[Date "2005.08.19"]
[Round "1"]
[White "Korosciel,A"]
[Black "Golubka,P"]
[Result "1/2-1/2"]
[WhiteElo "2109"]
[BlackElo "2272"]

1.e4 c5 2.Nf3 d6 3.Bb5+ Bd7 4.Bxd7+ Qxd7 5.c4 Nf6 6.Nc3 g6 7.d4 cxd4 8.Nxd4 Bg7
9.O-O O-O 10.f3 Nc6 11.Nde2 a6 12.a4 Rfc8 13.b3 Qd8 14.Be3 Qa5 15.Qd2 Rd8
16.Rfd1 Rac8 17.Rab1 Re8 18.Bg5 Qd8 19.Qe3 Qa5 20.Qd2 Qd8 21.Qe3 Qa5 22.Qd2 Qd8
23.Qe3  1/2-1/2

[Event "Masters"]
[Site "Abu Dhabi UAE"]
[Date "2005.08.20"]
[Round "6"]
[White "Kayumov,S"]
[Black "Kotsur,P"]
[Result "1/2-1/2"]
[WhiteElo "2405"]
[BlackElo "2595"]

1.e4 c5 2.Nf3 d6 3.Bb5+ Nd7 4.d4 Nf6 5.Nc3 cxd4 6.Qxd4 h6 7.Be3 e5 8.Qd3 Be7
9.a4 O-O 10.Bc4 Nb6 11.Bxb6 Qxb6 12.a5 Qxb2 13.O-O Qb4 14.Nd5 Nxd5 15.Bxd5 Qc5
16.Rfb1 Rb8 17.Rb5 Qc7 18.Qb3 Bd8 19.Nd2 b6 20.Nc4 Bd7 21.axb6 axb6 22.Rb4 b5
23.Qb2 Bg5 24.Na3 Bd2 25.Rb3 b4 26.Nb1 Bg5 27.c3 bxc3 28.Nxc3 Rxb3 29.Qxb3 Rb8
30.Bxf7+ Kf8 31.Qc4 Qxc4 32.Bxc4 Rc8 33.Bb5 Be6 34.Nd5 Rc5 35.Ra8+ Rc8 36.Rxc8+ Bxc8
37.g3 h5 38.h4 Bc1 39.Be2 g6 40.Kg2 Bd7 41.f3 Kf7 42.Bc4 Kg7 43.Nb6 Be8 44.Nd5 Ba3
45.Nc7 Ba4 46.Bb5 Bb3 47.Be8 Bc5 48.Nd5 Bc4 49.Kh2 Bf1 50.Bd7 Kf7 51.Bh3 Bc4  1/2-1/2

[Event "25th Open"]
[Site "Bratto ITA"]
[Date "2005.08.20"]
[Round "1"]
[White "Godena,M"]
[Black "Campini,M"]
[Result "1-0"]
[WhiteElo "2522"]
[BlackElo "2130"]

1.e4 c5 2.Nf3 d6 3.Bb5+ Nc6 4.d4 cxd4 5.Qxd4 Bd7 6.Bxc6 Bxc6 7.c4 Nf6 8.Nc3 g6
9.O-O Bg7 10.Qd3 O-O 11.Nd4 Rc8 12.b3 Nd7 13.Be3 Nc5 14.Qc2 Ne6 15.Rad1 Nxd4
16.Bxd4 b6 17.Bxg7 Kxg7 18.Rfe1 Qe8 19.Qd2 f6 20.a4 Rd8 21.Qe3 Qf7 22.Nd5 Rb8
23.Rd3 Rb7 24.Qd2 Rd8 25.f4 Bd7 26.e5 fxe5 27.fxe5 Bf5 28.Qc3 Kg8 29.exd6 Rxd6
30.Nxe7+ Rxe7 31.Rxd6  1-0

[Event "Masters"]
[Site "Abu Dhabi UAE"]
[Date "2005.08.21"]
[Round "7"]
[White "Al Tamimi,H"]
[Black "Faisal,Ab"]
[Result "1-0"]
[WhiteElo "2244"]
[BlackElo "2175"]

1.e4 c5 2.Nf3 d6 3.Bb5+ Nd7 4.d4 Nf6 5.Nc3 cxd4 6.Qxd4 e5 7.Qd3 h6 8.Bc4 Be7
9.O-O O-O 10.Be3 a6 11.a4 Qc7 12.Bd5 Rd8 13.Nd2 Nb6 14.Bxb6 Qxb6 15.Nc4 Qc7
16.a5 Bd7 17.Nb6 Rab8 18.Bb3 Bc6 19.Qc4 Bf8 20.Nbd5  1-0

[Event "Masters"]
[Site "Abu Dhabi UAE"]
[Date "2005.08.21"]
[Round "7"]
[White "Ulibin,M"]
[Black "Akshat,K"]
[Result "1-0"]
[WhiteElo "2529"]
[BlackElo "2296"]

1.e4 c5 2.Nf3 d6 3.Bb5+ Nd7 4.d4 Nf6 5.Nc3 a6 6.Bxd7+ Nxd7 7.O-O e6 8.dxc5 Nxc5
9.Bg5 Qb6 10.Rb1 h6 11.Bh4 Bd7 12.Re1 g5 13.Qd4 Rg8 14.Bg3 O-O-O 15.Nd2 e5
16.Nc4 Qc6 17.Nxe5 dxe5 18.Qxe5 Bg4 19.Qb8+ Kd7 20.Rbd1+ Bxd1 21.Rxd1+ Bd6
22.Rxd6+ Ke7 23.Rxc6 Rxb8 24.Nd5+ Kf8 25.Bd6+ Kg7 26.Be5+ f6 27.Bxf6+ Kg6
28.Rxc5 Rge8 29.f3  1-0

[Event "ch-AUT Qualifier"]
[Site "Gmunden AUT"]
[Date "2005.08.21"]
[Round "9"]
[White "Schwab,R"]
[Black "Knoll,H"]
[Result "0-1"]
[WhiteElo "2273"]
[BlackElo "2355"]

1.e4 c5 2.Nf3 d6 3.Bb5+ Nc6 4.O-O Bd7 5.Re1 Nf6 6.c3 a6 7.Bf1 Bg4 8.h3 Bxf3
9.Qxf3 g6 10.b3 Bg7 11.Bb2 Nd7 12.Na3 O-O 13.Nc2 Rc8 14.Reb1 Qc7 15.a4 f5
16.b4 Nce5 17.Qe2 f4 18.f3 c4 19.Na3 Bf6 20.Qf2 e6 21.Ra2 Qd8 22.d4 cxd3
23.Ba1 Bh4 24.Qd4 Qg5 25.Qxd6 Rc6 26.Qxc6 bxc6 27.Kh1 Nf6 28.c4 Rd8 29.Rd2 Nh5
30.Bxe5 Qxe5 31.b5 Ng3+ 32.Kh2 Nxf1+ 33.Rxf1 Qc3 34.Nb1 Qxc4 35.b6 Qb4 36.Rc1 Qxb6
37.Na3 Bf2 38.Rb1 Qc5 39.Ra2 d2 40.Rd1 Bg3+ 41.Kh1 Be1 42.Nb1 Qf2 43.Ra3 Qf1+
44.Kh2 Bg3+  0-1

[Event "XVI ch-NATO"]
[Site "Kolobrzeg POL"]
[Date "2005.08.21"]
[Round "1"]
[White "Cooper,L"]
[Black "Cuadrado Lopez,F"]
[Result "1-0"]
[WhiteElo "2303"]
[BlackElo "1975"]

1.e4 c5 2.Nf3 d6 3.Bb5+ Nc6 4.O-O Bd7 5.Re1 a6 6.Bf1 Bg4 7.h3 Bh5 8.c3 e5
9.g4 Bg6 10.d4 Nf6 11.d5 Nb8 12.Nbd2 Nbd7 13.a4 b6 14.Nh4 Be7 15.Nf5 Bxf5
16.exf5 h6 17.Nc4 O-O 18.f4 Qc7 19.g5 Nh7 20.f6 gxf6 21.gxh6 Kh8 22.Qh5 Rg8+
23.Kh2 f5 24.fxe5 dxe5 25.d6 Bxd6 26.Qxf5 e4+ 27.Nxd6 Qxd6+ 28.Bf4 Qg6 29.Qxg6 Rxg6
30.Rxe4 Ng5 31.Bxg5 Rxg5 32.Be2 Rag8 33.Rg4 a5 34.Rgg1 f6 35.Rad1 Ne5 36.Rxg5 Rxg5
37.Rd6 f5 38.Rxb6 c4 39.Rf6 Ng6 40.Bxc4 Nh4 41.Bd5 f4 42.Rf8+ Kh7 43.Be4+ Ng6
44.Rxf4 Kxh6 45.Bxg6  1-0

[Event "ch-FRA w"]
[Site "Chartres FRA"]
[Date "2005.08.22"]
[Round "7"]
[White "Cochet,C"]
[Black "Muller,A"]
[Result "1-0"]
[WhiteElo "2136"]
[BlackElo "2169"]

1.e4 c5 2.Nf3 d6 3.Bb5+ Nc6 4.d4 cxd4 5.Qxd4 Bd7 6.Bxc6 Bxc6 7.Nc3 Nf6 8.Bg5 e6
9.O-O-O Be7 10.Rhe1 O-O 11.h4 Qc7 12.Bxf6 Bxf6 13.Qxd6 Qa5 14.Nd4 Rad8 15.Nxc6 bxc6
16.Qg3 Bxc3 17.Qxc3 Qxa2 18.b3 Qa3+ 19.Kb1 Rb8 20.Rd4 a5 21.Red1 a4 22.Qb2 Qc5
23.R1d2 axb3 24.cxb3 Qh5 25.g3 c5 26.Rc4 Qf3 27.Kc2 Rfd8 28.Rxd8+ Rxd8 29.Kb1 Rd1+
30.Ka2 Qd3 31.Qc3 Qe2+ 32.Ka3 Qxf2 33.Rxc5 h6 34.Qc2 Rd2 35.Qc3 Kh7 36.Ka4 Re2
37.e5 Qf5 38.b4 Ra2+ 39.Kb5 Rf2 40.Kb6 Rf3 41.Qc2 Kg6 42.b5 Rxg3 43.Qxf5+ Kxf5
44.Kc6 g5 45.hxg5 Rxg5 46.b6 h5 47.b7 Rg8 48.Kd7 Rb8 49.Kc7 Rxb7+ 50.Kxb7 h4
51.Kc6 h3 52.Kd6 Kf4 53.Rc4+ Kg5 54.Rc2 Kf4 55.Rf2+  1-0

[Event "41st Rubinstein Mem Open A"]
[Site "Polanica Zdroj POL"]
[Date "2005.08.22"]
[Round "4"]
[White "Bugalski,M"]
[Black "Walach,M"]
[Result "0-1"]
[WhiteElo "2204"]
[BlackElo "2367"]

1.e4 c5 2.Nf3 d6 3.Bb5+ Nc6 4.Bxc6+ bxc6 5.h3 e5 6.O-O f5 7.Qe2 Be7 8.exf5 Bxf5
9.d3 Nf6 10.Na3 O-O 11.Nc4 Nd5 12.Nh2 Qd7 13.Bd2 Rae8 14.Rae1 Rf6 15.Ng4 Rff8
16.a3 Bd8 17.Qd1 Bg6 18.Nh2 Rf7 19.Qg4 Bf5 20.Qd1 Be6 21.Ng4 Nf4 22.Nh2 Nxg2
23.Kxg2 Bxh3+ 24.Kh1 Bh4 25.Qh5 Bxf2 26.Nxd6 g6 27.Qe2 Bxe1 28.Nxe8 Bxf1
29.Qxe1 Qh3 30.Qe4 Rf2 31.Nf6+ Kh8 32.Ng4 Bg2+ 33.Kg1 Bxe4 34.Kxf2 Bf5  0-1

[Event "Masters"]
[Site "Abu Dhabi UAE"]
[Date "2005.08.23"]
[Round "9"]
[White "Chernyshov,K"]
[Black "Ghaem Maghami,E"]
[Result "1/2-1/2"]
[WhiteElo "2548"]
[BlackElo "2603"]

1.e4 c5 2.Nf3 d6 3.Bb5+ Nd7 4.O-O Nf6 5.Re1 e5 6.c3 a6 7.Bf1 Be7 8.d4 O-O
9.dxe5 Nxe5 10.h3 Nxf3+ 11.Qxf3 Be6 12.Bf4 Qb6 13.Nd2 Qc6 14.Bc4 b5 15.Bxe6 fxe6
16.Bg3 e5 17.Qf5 Qd7 18.Qxd7 Nxd7 19.Nf1 Nb6  1/2-1/2

[Event "Ada Open"]
[Site "Belgrade SCG"]
[Date "2005.08.23"]
[Round "9"]
[White "Jovanovic,Zo1 SCG"]
[Black "Vrbljanac,A"]
[Result "0-1"]
[WhiteElo "2330"]
[BlackElo "2259"]

1.e4 c5 2.Nf3 d6 3.Bb5+ Bd7 4.Bxd7+ Qxd7 5.O-O Nf6 6.e5 dxe5 7.Nxe5 Qc7 8.d4 e6
9.Bf4 Bd6 10.Na3 Bxe5 11.Bxe5 Qc6 12.Bxf6 gxf6 13.Re1 cxd4 14.Qxd4 Rg8 15.g3 Nd7
16.Qe4 Qxe4 17.Rxe4 Ke7 18.Rh4 f5 19.Kf1 Nf6 20.Rb4 b6 21.Rd1 h5 22.c3 Rg4
23.Rc4 Nd5 24.Rdd4 f4 25.Nb5 fxg3 26.Rxg4 hxg4 27.hxg3 f5 28.Rc6 Kd7 29.Rd6+ Ke7
30.c4 Nf6 31.Rc6 Ne4 32.Ke2 Rd8 33.Rc7+ Kf6 34.Nc3 Rd2+ 35.Ke3 Rxb2 36.Nxe4+ fxe4
37.Rxa7 Rc2 38.Ra4 Ke5 39.Rb4 Rc3+ 40.Ke2 Ra3 41.Rb3 Rxb3 42.axb3 Kd4 43.Kd2 e5
44.Ke2 Kc3 45.Ke3 Kxb3 46.Kxe4 Kxc4 47.f3 b5 48.fxg4 b4 49.Ke3 b3 50.Kd2 e4  0-1

[Event "Ada Open"]
[Site "Belgrade SCG"]
[Date "2005.08.23"]
[Round "9"]
[White "Mladenovic,M"]
[Black "Nikolic,Ma"]
[Result "1/2-1/2"]
[WhiteElo "1871"]
[BlackElo "2061"]

1.e4 c5 2.Nf3 d6 3.Bb5+ Bd7 4.Bxd7+ Nxd7 5.O-O e6 6.c3 Ngf6 7.Qe2 Be7 8.Rd1 Qc7
9.d4 O-O 10.Bg5 Rfe8 11.Nbd2 b5 12.Rac1 Rab8 13.Nf1 d5 14.e5 Ne4 15.Bxe7 Rxe7
16.N1d2 f5 17.exf6 Ndxf6 18.Nxe4 Nxe4 19.Nd2 Nf6 20.Nf3 c4 21.Ne5 Rf8 22.Re1 Qb6
23.Ng4 Ne4 24.f3 Nd6 25.Ne3 Qb7 26.Qf2 Rf6 27.Qg3 Ne8 28.Ng4 Rg6 29.Qh4 Nd6
30.Ne3 Qd7 31.Nxd5 Rf7 32.Nf4 Nf5 33.Qf2 Rh6 34.Nh3 Nh4 35.Ng5 Rf5 36.Qe3 Qd6
37.Re2 Rg6 38.Qe4 Nxg2 39.Rxg2 Rgxg5 40.Re1 Rxg2+ 41.Kxg2 Kf7 42.Qb7+ Kf6
43.Qe4 Rh5 44.f4 Rf5 45.Rf1 h6 46.Rf3 Qa6 47.a3 Qc8 48.Rg3 Qe8 49.Qb7 g6
50.Rf3 Qg8 51.Qc7 g5 52.fxg5+ Qxg5+ 53.Qg3  1/2-1/2

[Event "Ada Open"]
[Site "Belgrade SCG"]
[Date "2005.08.23"]
[Round "9"]
[White "Nestorovic,L"]
[Black "Martic,N"]
[Result "0-1"]
[WhiteElo "1983"]
[BlackElo "2190"]

1.e4 c5 2.Nf3 d6 3.Bb5+ Bd7 4.Bxd7+ Qxd7 5.O-O Nc6 6.c3 Nf6 7.d4 cxd4 8.cxd4 d5
9.e5 Ng8 10.Nc3 e6 11.Be3 Nge7 12.a3 Nf5 13.g4 Nxe3 14.fxe3 Be7 15.b4 O-O
16.Ra2 Rac8 17.Rc2 b6 18.Qe2 Qb7 19.h3 a6 20.Rfc1 a5 21.b5 Nb8 22.a4 Ba3
23.Rb1 Rc7 24.Rb3 Be7 25.Nb1 Rfc8 26.Rbc3 Rxc3 27.Rxc3 Rxc3 28.Nxc3 Qc7 29.Qb2 Qc4
30.Nd2 Qd3 31.Nf1 Nd7 32.Qd2 Qc4 33.Ng3 Bb4 34.Nge2 f6 35.exf6 Nxf6 36.Qa2 Qd3
37.Qb2 Qxe3+ 38.Kf1 Qxh3+  0-1

[Event "XXII Open"]
[Site "Collado Villalba ESP"]
[Date "2005.08.23"]
[Round "4"]
[White "Caruana,F"]
[Black "Neelotpal,D"]
[Result "1/2-1/2"]
[WhiteElo "2381"]
[BlackElo "2467"]

1.e4 c5 2.Nf3 d6 3.Bb5+ Bd7 4.Bxd7+ Nxd7 5.c4 g6 6.Nc3 Bg7 7.O-O Qa5 8.Qb3 Rb8
9.Rd1 Ngf6 10.d4 cxd4 11.Nxd4 O-O 12.f3 a6 13.Be3 e6 14.Nde2 Nc5 15.Qc2 Qc7
16.Rd2 Ncd7 17.Rad1 Rfc8 18.Rxd6 b5 19.Rxa6 Qxc4 20.b3 Qc7 21.Ra7 Qc6 22.Qd2 Ne5
23.Bd4 Rd8 24.Qe3 Rxd4 25.Nxd4 Qc5 26.Nc2 Bf8 27.Kf1 Rc8 28.Qxc5 Rxc5 29.Nd4 Rxc3
30.Nxb5 Rc2 31.Nd4 Rb2 32.Ra5 Nfd7 33.h3 Nc5 34.Ne2 Kg7 35.Nc1 Be7 36.Rb5 Nc6
37.Rb6 Ne5 38.Rb5 Nc6 39.Rb6 Ne5 40.Rb5 Nc6  1/2-1/2

[Event "VIII Bancpost & Ciuc-Premium B"]
[Site "Miercurea Ciuc ROM"]
[Date "2005.08.23"]
[Round "4"]
[White "Biro,Zo"]
[Black "Stuermer,M"]
[Result "0-1"]
[WhiteElo "1965"]
[BlackElo "1962"]

1.e4 c5 2.Nf3 d6 3.Bb5+ Bd7 4.Bxd7+ Qxd7 5.d4 cxd4 6.Qxd4 Nc6 7.Qa4 Nf6 8.O-O Ne5
9.Qxd7+ Nfxd7 10.Nd4 a6 11.Nc3 e6 12.f4 Nc6 13.Nf3 Be7 14.f5 O-O 15.Bg5 Bxg5
16.Nxg5 h6 17.fxe6 hxg5 18.exd7 Rad8 19.Rf5 f6 20.Rd1 Rxd7 21.Rfd5 Rfd8 22.a3 Kf7
23.Na4 Re7 24.Rxd6 Rxd6 25.Rxd6 Rxe4 26.Nc5 Re7 27.b4 Ne5 28.a4 Nc4 29.Rd4 Ne5
30.c3 Rc7 31.a5 Ke7 32.Kf2 Nd7 33.Re4+ Kf7 34.Ne6 Rc8 35.Re3 Ne5 36.Nxg5+ Kg6
37.Rxe5 fxe5 38.Ne4 Rc6 39.Nc5 Kf5 40.c4 b6 41.Nb7 Kg5 42.Nd8 Rxc4 43.axb6 Rxb4
44.b7 a5 45.Ne6+ Kh6 46.Nc5 a4 47.Nxa4 Rxb7 48.Nc5 Rb2+ 49.Kg3 Kg6 50.h3 Kf5
51.Kf3 Rb1 52.g4+ Kg5 53.Nd3 Kf6 54.g5+ Kxg5  0-1

[Event "V Open"]
[Site "Vila de Marin ESP"]
[Date "2005.08.24"]
[Round "4"]
[White "Sande Edreira,J"]
[Black "Petkov,V"]
[Result "0-1"]
[WhiteElo "2264"]
[BlackElo "2475"]

1.e4 c5 2.Nf3 d6 3.Bb5+ Nc6 4.O-O Bd7 5.Re1 Nf6 6.c3 a6 7.Bf1 Bg4 8.d3 e6
9.Nbd2 Be7 10.h3 Bh5 11.g4 Bg6 12.Nh4 d5 13.e5 Nd7 14.Nxg6 fxg6 15.c4 Nb6
16.a4 dxc4 17.dxc4 O-O 18.Nb3 Nd4 19.Nxd4 cxd4 20.Re4 Bc5 21.Bd3 a5 22.Bf4 Nd7
23.Bg3 Qb6 24.g5 Be7 25.Rh4 Nc5 26.Rxd4 Rad8 27.Rd6 Bxd6 28.exd6 Rxd6 29.Bxd6 Qxd6
30.Bc2 Qf4 31.Qe2 Qxg5+ 32.Kf1 Qf4 33.Rd1 b6 34.Rd2 e5 35.Ke1 e4 36.Qe3 Qe5
37.h4 h6 38.Qg3 Qxb2 39.Ke2 Qb4 40.h5 Qxc4+ 41.Ke1 gxh5 42.f4 Kh8 43.Rg2 Qd4
44.Rd2 Nd3+  0-1

[Event "Iranian Super League"]
[Site "Iran IRI"]
[Date "2005.08.26"]
[Round "9"]
[White "Babaev,Ra"]
[Black "Mamedov,Nid"]
[Result "1/2-1/2"]
[WhiteElo "2449"]
[BlackElo "2463"]

1.e4 c5 2.Nf3 d6 3.Bb5+ Bd7 4.Bxd7+ Qxd7 5.O-O Nf6 6.Re1 Nc6 7.b3 e6 8.Bb2 Be7
9.d3 O-O 10.Nbd2 Ng4 11.h3 Bf6 12.d4 Nh6 13.e5 dxe5 14.dxc5 Qc7 15.Nc4 Rfd8
16.Qc1 Rd5  1/2-1/2

[Event "2nd Dato' Arthur Tan Malaysian Open"]
[Site "Kuala Lumpur MAS"]
[Date "2005.08.26"]
[Round "11"]
[White "Antonio,R"]
[Black "Dao Thien Hai"]
[Result "1-0"]
[WhiteElo "2513"]
[BlackElo "2601"]

1.e4 c5 2.Nf3 d6 3.Bb5+ Bd7 4.Bxd7+ Nxd7 5.O-O Ngf6 6.Qe2 e6 7.b3 Be7 8.Bb2 O-O
9.d4 cxd4 10.Nxd4 a6 11.c4 Qc7 12.Nc3 Rfe8 13.Kh1 Nf8 14.f4 N6d7 15.Rad1 Rad8
16.Qh5 g6 17.Qh6 Bf6 18.Rf3 Bg7 19.Qxg7+ Kxg7 20.Nd5  1-0

[Event "V Open"]
[Site "Vila de Marin ESP"]
[Date "2005.08.26"]
[Round "6"]
[White "De la Fuente Arias,F"]
[Black "Astaneh Lopez,A"]
[Result "0-1"]
[WhiteElo "2185"]
[BlackElo "2304"]

1.e4 c5 2.Nf3 d6 3.Bb5+ Nd7 4.d4 Nf6 5.Nc3 cxd4 6.Qxd4 e5 7.Qd3 h6 8.Be3 Be7
9.O-O O-O 10.Rfd1 a6 11.Bc4 Qc7 12.a4 Nc5 13.Bxc5 Qxc5 14.Nd5 Nxd5 15.Qxd5 Qc7
16.Qd3 Kh8 17.Bd5 f5 18.Ra3 fxe4 19.Qxe4 Bf5 20.Qe2 Rab8 21.c4 Bg4 22.h3 Bh5
23.Rc3 b6 24.Qd2 Rf4 25.Re1 Rbf8 26.Ree3 Qd7 27.Be4 Qxa4 28.Qd5 Qa1+ 29.Kh2 Qxb2
30.Qe6 Rxe4 31.Qxe7 Ref4 32.Qxd6 Bxf3  0-1

[Event "4th Open"]
[Site "Lahijan IRI"]
[Date "2005.08.28"]
[Round "2"]
[White "Zarinfam,A"]
[Black "Ibrahimov,R"]
[Result "0-1"]
[WhiteElo "2136"]
[BlackElo "2525"]

1.e4 c5 2.Nf3 d6 3.Bb5+ Nd7 4.d4 Nf6 5.Nc3 a6 6.Bxd7+ Nxd7 7.dxc5 Nxc5 8.e5 e6
9.O-O dxe5 10.Qxd8+ Kxd8 11.Nxe5 Ke8 12.a4 f6 13.Nc4 Rb8 14.a5 e5 15.f4 Be6
16.Nb6 exf4 17.Bxf4 Rd8 18.Rfe1 Kf7 19.Rad1 Be7 20.Ncd5 Bxd5 21.Nxd5 Ne6
22.Be3 Rc8 23.Nxe7 Kxe7 24.b4 Rhd8 25.Rxd8 Kxd8 26.Bf2 Kd7 27.Rd1+ Ke7 28.Rd2 Rc4
29.Bg3 Rd4 30.Rd3 Rxd3 31.cxd3 Nd4 32.Kf1 Nc2 33.Bf2 Kd7 34.b5 axb5 35.Ke2 Nb4
36.h4 Nc6 37.Bb6 h5 38.Ke3 Ke6 39.Ke4 b4 40.d4 f5+ 41.Ke3 Kd5 42.Kd3 g6 43.g3 b3
44.Kc3 Nxd4 45.Bxd4 b2  0-1

[Event "4th Open"]
[Site "Lahijan IRI"]
[Date "2005.08.28"]
[Round "2"]
[White "Babaev,Ra"]
[Black "Rahmanov,S"]
[Result "1-0"]
[WhiteElo "2449"]
[BlackElo "2068"]

1.e4 c5 2.Nf3 d6 3.Bb5+ Nc6 4.O-O Bd7 5.Re1 e6 6.c3 Ne5 7.Bxd7+ Qxd7 8.d4 Nxf3+
9.Qxf3 cxd4 10.cxd4 Ne7 11.Nc3 Ng6 12.g3 Be7 13.h4 Bd8 14.h5 Ne7 15.h6 Rg8
16.hxg7 Rxg7 17.Bh6 Rg6 18.Be3 Ba5 19.Rac1 Rc8 20.Qh5 Bxc3 21.bxc3 Qa4 22.Qxh7 a6
23.Bf4 Qa3 24.c4 Qxa2 25.c5 dxc5 26.dxc5 Qa5 27.Bd6 Ng8 28.Red1 Qa4 29.Qh4 Qb3
30.Kg2 Qa4 31.Be5 Qa5 32.Rd3 Rh6 33.Qf4 Qb5 34.Rcd1 Rh7 35.Qg5 Ne7 36.Bf6 Qc6
37.Rd4 Qc7 38.Bxe7  1-0

[Event "4th Open"]
[Site "Lahijan IRI"]
[Date "2005.08.28"]
[Round "3"]
[White "Soozankar,A"]
[Black "Babaev,Ra"]
[Result "0-1"]
[WhiteElo "2251"]
[BlackElo "2449"]

1.e4 c5 2.Nf3 d6 3.Bb5+ Nd7 4.O-O Nf6 5.Re1 a6 6.Bf1 b6 7.d4 cxd4 8.Nxd4 Bb7
9.f3 e6 10.c4 Be7 11.Nc3 O-O 12.Be3 Qc7 13.Rc1 Rac8 14.Qd2 Qb8 15.b3 Bd8
16.g4 g6 17.Nde2 Ne5 18.Bg2 b5 19.cxb5 axb5 20.g5 Nfd7 21.Nxb5 Rxc1 22.Nxc1 Bxe4
23.fxe4 Qxb5 24.a4 Qa6 25.Rd1 Bb6 26.Bxb6 Qxb6+ 27.Qd4 Qb7 28.Qxd6 Rc8 29.h3 Qa7+
30.Kh1 Qe3 31.Nd3 Qxg5 32.Nxe5 Nxe5 33.a5 Kg7 34.b4 Rc2 35.Rg1 Rd2 36.Qc7 Nd3
37.a6 e5 38.Qc3 Nf2+ 39.Kh2 Rd3  0-1

[Event "VI Open"]
[Site "Tarragona ESP"]
[Date "2005.08.28"]
[Round "9"]
[White "Oratovsky,M"]
[Black "Movsziszian,K"]
[Result "1-0"]
[WhiteElo "2529"]
[BlackElo "2439"]

1.e4 c5 2.Nf3 d6 3.Bb5+ Bd7 4.Bxd7+ Qxd7 5.c4 g6 6.Nc3 Bg7 7.d4 cxd4 8.Nxd4 Nc6
9.Nde2 Nf6 10.f3 O-O 11.O-O Rfc8 12.Be3 Qd8 13.Rb1 Nd7 14.b3 a6 15.Qd2 Rab8
16.a4 Nc5 17.Rfd1 Nb4 18.Kh1 Qc7 19.Nd4 e6 20.Nce2 Ncd3 21.Nc1 Bxd4 22.Bxd4 Nxc1
23.Bf6 Kf8 24.Qxb4  1-0

[Event "Nordic Championships w"]
[Site "Vammala FIN"]
[Date "2005.08.28"]
[Round "3"]
[White "Bashkite,V"]
[Black "Laesson,T"]
[Result "1/2-1/2"]
[WhiteElo "2173"]
[BlackElo "2228"]

1.Nf3 d6 2.e4 c5 3.Bb5+ Bd7 4.Bxd7+ Qxd7 5.O-O Nc6 6.c3 d5 7.exd5 Qxd5 8.d4 e6
9.Be3 cxd4 10.Nxd4 Nf6 11.Qa4 a6 12.Nxc6 Qxc6 13.Qxc6+  1/2-1/2

[Event "VII Sants Open"]
[Site "Barcelona ESP"]
[Date "2005.08.30"]
[Round "5"]
[White "Parligras,M"]
[Black "Matnadze,A"]
[Result "1-0"]
[WhiteElo "2571"]
[BlackElo "2389"]

1.e4 c5 2.Nf3 d6 3.Bb5+ Nc6 4.Bxc6+ bxc6 5.O-O e5 6.c3 Nf6 7.Re1 Bg4 8.d3 Be7
9.Nbd2 O-O 10.h3 Bh5 11.Nf1 Ne8 12.Ng3 Bg6 13.d4 cxd4 14.cxd4 exd4 15.Nxd4 Bf6
16.Nxc6 Qb6 17.Qa4 Nc7 18.Be3 Qb7 19.Rac1 a5 20.b3 Na6 21.Rc4 Qd7 22.Nxa5 Qxa4
23.Rxa4 Nb4 24.Rd1 Nc2 25.Bb6 Rfb8 26.Nc4 Rxa4 27.bxa4 Na3 28.Rb1 Rxb6 29.Nxa3 Rxb1+
30.Nxb1 h5 31.a5 Bd4 32.a6 f6 33.Nf5 Bc5 34.Ne7+ Kf7 35.Nxg6 Kxg6 36.Nc3 f5
37.exf5+  1-0

[Event "VII Sants Open"]
[Site "Barcelona ESP"]
[Date "2005.09.02"]
[Round "8"]
[White "Randazzo,A"]
[Black "Mascaro March,P"]
[Result "1/2-1/2"]
[WhiteElo "2262"]
[BlackElo "2406"]

1.e4 c5 2.Nf3 d6 3.Bb5+ Nd7 4.d4 Nf6 5.Nc3 a6 6.Bxd7+ Nxd7 7.O-O e6 8.Bg5 Qb6
9.Re1 f6 10.Bc1 Be7 11.a4 O-O 12.a5 Qc7 13.d5 e5 14.Nh4 Rf7 15.Nf5 Bf8 16.Re3 g6
17.Rg3 b6 18.h4 Kh8 19.Ne3 f5 20.exf5 gxf5 21.Rf3 f4 22.g3 Nf6 23.gxf4 exf4
24.Rxf4 Bh6 25.Rf3 Bxe3 26.Rxe3 Bg4 27.Qe1 Rg8 28.Rg3 Re7 29.Be3 Nh5 30.axb6 Qb7
31.Qd2 Nxg3 32.fxg3 Qxb6 33.Na4 Qb7 34.Qc3+ Reg7 35.Bh6 Qxd5 36.Bxg7+ Rxg7
37.Re1 Be6 38.Qf6 Bg8 39.Nc3 Qd2 40.Re2 Qd4+ 41.Qxd4 cxd4 42.Ne4 d5 43.Nf6 Rxg3+
44.Kf2 Rg6 45.Nxg8 Kxg8 46.Kf3 Rc6 47.Kf4 Kf7 48.Kf5 Rf6+ 49.Kg5 Rb6 50.Re5 Rxb2
51.Rxd5 h6+  1/2-1/2

[Event "58th ch-RUS Semi-Final"]
[Site "Kazan RUS"]
[Date "2005.09.03"]
[Round "1"]
[White "Zvjaginsev,V"]
[Black "Kurnosov,I"]
[Result "1/2-1/2"]
[WhiteElo "2659"]
[BlackElo "2549"]

1.e4 c5 2.Nf3 d6 3.Bb5+ Nd7 4.d4 Nf6 5.Nc3 cxd4 6.Qxd4 e5 7.Qd3 h6 8.Be3 Be7
9.Bc4 a6 10.a4 Qc7 11.Bd5 Nb6 12.Bxb6 Qxb6 13.Nd2 Be6 14.Nc4 Qd4 15.O-O-O Qxd3
16.Rxd3 O-O-O 17.f3 Kc7 18.Rhd1 g6 19.b4 Rhf8 20.Kb2 Nxd5 21.Nxd5+ Bxd5 22.Rxd5 f5
23.Re1 fxe4 24.Rxe4 Kc6 25.Ne3 Bg5 26.b5+ axb5 27.axb5+ Kd7 28.Nd1 Ke6 29.c4 Rf4
30.Nc3 Rxe4 31.Nxe4 Be3 32.Kc2 g5 33.Kd3 Bd4 34.Ke2 b6 35.g3 Ke7 36.f4 gxf4
37.gxf4 Rf8 38.Nxd6 Rxf4 39.Nc8+ Kf7 40.Rd7+ Ke8 41.Rd6 h5 42.Nxb6 Bxb6 43.Rxb6 Rxc4  1/2-1/2

[Event "TCh-POL Ekstraliga"]
[Site "Lubniewice POL"]
[Date "2005.09.03"]
[Round "1"]
[White "Dobrowolski,P"]
[Black "Miton,K"]
[Result "0-1"]
[WhiteElo "2388"]
[BlackElo "2589"]

1.e4 c5 2.Nf3 d6 3.Bb5+ Nd7 4.O-O Nf6 5.d4 cxd4 6.Qxd4 e5 7.Qd3 h6 8.c4 Be7
9.Nc3 O-O 10.Bxd7 Bxd7 11.b3 a6 12.a4 b5 13.axb5 axb5 14.Rxa8 Qxa8 15.cxb5 Rb8
16.Rd1 Qa5 17.Nd2 Bxb5 18.Nxb5 Rxb5 19.Ba3 Rb8 20.Nc4 Qa6 21.Qc2 Qc6 22.f3 Ne8
23.Rd3 Ra8 24.Kf1 Ra6 25.Qd1 Qa8 26.Bb2 Ra2 27.Bc3 Bg5 28.Bb2 Qa7 29.Qb1 h5
30.Nxd6 Nxd6 31.Rxd6 Be3 32.Qc2 Kh7 33.Rd1 Qa6+ 34.Qd3 Qb6 35.Bxe5 Rf2+ 36.Ke1 Rxg2
37.Ba1 Bd2+ 38.Rxd2 Qg1+ 39.Qf1 Qe3+  0-1

[Event "Paul Keres Mem A"]
[Site "Tallinn EST"]
[Date "2005.09.03"]
[Round "8"]
[White "Zavoronkov,V"]
[Black "Rytshagov,M"]
[Result "1/2-1/2"]
[WhiteElo "2374"]
[BlackElo "2455"]

1.e4 c5 2.Nf3 d6 3.Bb5+ Nc6 4.O-O Bd7 5.c4 g6 6.Nc3 Bg7 7.Bxc6 bxc6 8.d4 cxd4
9.Nxd4 Nf6 10.Qe2 O-O 11.Nc2 Qa5 12.Rb1 Rab8 13.b4 Qa6 14.Bd2 Be6 15.b5 cxb5
16.cxb5 Qc8 17.Ne3 Qb7 18.f3 Rfc8 19.a4 Qb6 20.Kh1 Qd4 21.Rfc1 Bh6 22.a5 Kg7
23.Ncd1 Rxc1 24.Rxc1 Rxb5 25.Qxb5 Qxd2 26.Rc2 Qe1+ 27.Qf1 Qxa5 28.Qe2 Qa1
29.Nc4 Qb1 30.g3 d5 31.exd5 Bxd5 32.Kg2 Qa1 33.Nf2 Qa4 34.Qd3 Qc6 35.Ne5 Qe6
36.Qd4 a5 37.Ne4 Be3 38.Qxe3 Qxe5 39.Re2 Nxe4 40.fxe4 Bc6 41.Kf2 a4 42.Qa3 Bxe4
43.Qxa4 Qf6+ 44.Ke1 Bd3 45.Re3 Qc3+ 46.Kf2 e5 47.Qd1 e4 48.Re1 Qb2+ 49.Kg1 Qd4+
50.Kg2 Qb2+ 51.Kg1 Qb6+ 52.Kg2 Qb2+  1/2-1/2

[Event "58th ch-RUS Semi-Final"]
[Site "Kazan RUS"]
[Date "2005.09.04"]
[Round "2"]
[White "Chebotarev,O"]
[Black "Sakaev,K"]
[Result "1/2-1/2"]
[WhiteElo "2517"]
[BlackElo "2669"]

1.e4 c5 2.Nf3 d6 3.Bb5+ Bd7 4.Bxd7+ Qxd7 5.O-O Nc6 6.c3 Nf6 7.Qe2 e6 8.d4 cxd4
9.cxd4 d5 10.e5 Ne4 11.Be3 Be7 12.Ne1 f6 13.f3 Ng5 14.Nd3 O-O 15.Bf2 fxe5
16.dxe5 Qe8 17.Nc3 Qg6 18.Kh1 h5 19.Nb5 Qf5 20.Rae1 Nf7 21.Bc5 Bxc5 22.Nxc5 b6
23.Nd3 Rad8 24.f4 a6 25.Rc1 Ne7 26.Nc7 a5 27.Nb5 Qe4  1/2-1/2

[Event "Open A"]
[Site "Trieste ITA"]
[Date "2005.09.04"]
[Round "2"]
[White "Videki,S"]
[Black "Stantic,S"]
[Result "1-0"]
[WhiteElo "2394"]
[BlackElo "2064"]

1.e4 c5 2.Nf3 d6 3.Bb5+ Bd7 4.Bxd7+ Qxd7 5.O-O Nc6 6.c3 Nf6 7.d4 Nxe4 8.d5 Nd8
9.Re1 Nf6 10.Bg5 e6 11.Bxf6 gxf6 12.Nh4 h5 13.Nd2 e5 14.Ne4 Be7 15.Qf3 Qg4
16.Nxf6+ Bxf6 17.Qxf6 Rg8 18.Qxd6 Qxh4 19.Qxe5+ Ne6 20.dxe6 Rd8 21.Qc7 fxe6
22.Rxe6+ Kf8 23.Qxc5+ Kf7 24.Qf5+ Kg7 25.Rg6+ Kh8 26.Rh6+ Kg7 27.Rh7+  1-0